000 00249nam a2200097Ia 4500
001 756066
005 20250826164811.0
008 250824s9999 xx 000 0 und d
245 0 _aÜÇ SİLAHŞÖRLER
_cALEXANDRE DUMAS
260 _bLACİVERT YAYINCILIK
999 _c756066
_d756066